UBT Library

Nationalism, its meaning and history / (Record no. 192)

000 -LEADER
fixed length control field 00728cam a2200253 i 4500
005 - DATE AND TIME OF LATEST TRANSACTION
control field 20131029055636.0
008 - FIXED-LENGTH DATA ELEMENTS--GENERAL INFORMATION
fixed length control field 820319s1965 nyu 001 0 eng d
020 ## - INTERNATIONAL STANDARD BOOK NUMBER
International Standard Book Number 0442000081
041 0# - LANGUAGE CODE
Language code of text/sound track or separate title eng
080 ## - UNIVERSAL DECIMAL CLASSIFICATION NUMBER
Universal Decimal Classification number 327.39
100 1# - Rafti
Rafti Kohn, Hans,
100 1# - Rafti
-- 1891-1971.
245 10 - TITLE STATEMENT
Title Nationalism, its meaning and history /
Statement of responsibility, etc Hans Kohn.
250 ## -
-- Rev. ed.
260 ## -
-- New York :
-- Van Nostrand
-- c1965
-- (1981 printing)
300 ## -
-- 191 p. ;
-- 19 cm.
490 1# -
-- An Anvil original
490 1# -
-- Ideas, ideals, and ideologies ;
-- 8
500 ## -
-- Preface : f. 4
504 ## - BIBLIOGRAPHY, ETC. NOTE
Bibliography, etc Bibliography: p. 185-187.
650 #0 -
-- Nacionalizmi
830 #0 -
-- Anvil original.
830 #0 -
-- Ideas, ideals, and ideologies ;
-- 8.
942 ## - ADDED ENTRY ELEMENTS (KOHA)
Source of classification or shelving scheme
Item type Books
Holdings
Withdrawn status Lost status Source of classification or shelving scheme Damaged status Not for loan Collection code Permanent location Current location Shelving location Date acquired Total Checkouts Full call number Barcode Date last seen Price effective from Koha item type
          Koleksioni i përgjithshem UBT - Prishtine UBT - Prishtine Koleksioni i përgjithshem 10/29/2013   327.39 KOH 001-000214 10/29/2013 10/29/2013 Books
UBT Library © 2015-2024. All rights reserved University Education for Business and Technology